Normal view
MARC view
- ديورانت، ول وايريل؛ ترجمة فؤاد اندراوس
Entry Personal Name
001 - CONTROL NUMBER
- control field: 60450
003 - CONTROL NUMBER IDENTIFIER
- control field: JO-AjAnu
005 - DATE AND TIME OF LATEST TRANSACTION
- control field: 20230606083900.0
008 - FIXED-LENGTH DATA ELEMENTS
- fixed length control field: 230606|| aca||aabn | a|a d
040 ## - CATALOGING SOURCE
- Original cataloging agency: JO-AjAnu
- Transcribing agency: JO-AjAnu
100 ## - HEADING--PERSONAL NAME
- Personal name: ديورانت، ول وايريل؛ ترجمة فؤاد اندراوس
670 ## - SOURCE DATA FOUND
- Source citation: Work cat.: (JO-AjAnu)30827: ديورانت، ول وايريل؛ ترجمة فؤاد اندراوس, author, قصة الحضارة: الاسلام والشرق السلافى الشمال البروتستنتي روسو والثورة، ج41-42، مجلد10، الجزء الثالث، الكتاب الرابع